| 000 | 00891nam a2200241Ia 4500 | ||
|---|---|---|---|
| 005 | 20220316235839.0 | ||
| 008 | 121119s2002 ck 025 g s00 vuspa | ||
| 041 | 0 | _aspa | |
| 082 | 0 | 4 |
_a630.1 _bH63g |
| 110 | 2 |
_aHogares Juveniles Campesinos _92547 |
|
| 245 | 1 | 0 |
_aGranja integral autosuficiente _hvideograbación _cHogares Juveniles Campesinos |
| 250 | _aPrimera edición | ||
| 300 |
_a1 videocasete (apróximadamente 25 minutos) _bsonido, color |
||
| 650 | 1 | 4 |
_aAgricultura _vVideocasetes _2LEMB |
| 650 | 1 | 4 |
_aAdministración de granjas _vVideocasetes _2LEMB |
| 650 | 1 | 4 |
_aGranjas familiares _zColombia _vVideocasetes _2LEMB |
| 942 |
_2ddc _cVIDEOCASET |
||
| 264 |
_aBogotá _bFundación Hogares Juveniles Campesinos _c2002 |
||
| 336 |
_atexto _btxt _2rdacontent |
||
| 337 |
_asin mediación _bn _2rdamedia |
||
| 338 |
_avolumen _bnc _2rdacarrier |
||
| 040 |
_aCO-BoRNBP _bspa _erda _cCO-BoRNBP |
||
| 999 |
_c2360 _d2360 |
||